| 000 | 00498 a2200181 4500 | ||
|---|---|---|---|
| 003 | OSt | ||
| 005 | 20231204095412.0 | ||
| 008 | 231204b |||||||| |||| 00| 0 eng d | ||
| 020 | _a9789391451332 | ||
| 040 | _coclc | ||
| 082 |
_a894.8124 _bMEN/Y |
||
| 100 |
_aMenon, Ravi _96938 |
||
| 245 |
_aYaad Na Jaye / _cRavi Menon |
||
| 250 | _a1st ed. | ||
| 260 |
_aKozhikode: _bMathrubhumi Books, _c2021. |
||
| 300 | _a160p. | ||
| 942 |
_2ddc _cBK _h894.8124 _iMEN/Y _k894.8124 _mMEN/Y |
||
| 999 |
_c43945 _d43945 |
||